• 首页
  • 本馆介绍
  • 公告通知
  • 最新文献
  • 馆藏检索
  • 电子资源
  • 读者导购
  • 参考咨询
  • 我的图书馆
  • 登录
  • 详细信息显示
  • 放入我的书架
  • 预约/预借图书
  • 作者相关作品
  • 分类相关作品
  • 丛书相关作品
  • 出版社相关作品

书目信息

  • 表格格式
  • 工作单格式
  • 卡片格式
题名:
中国上市公司机构投资者治理及会计反应研究
    
 
作者: 罗栋梁 著
分册:  
出版信息: 北京   中国社会科学出版社  2013
页数: 189页
开本: 24cm
丛书名: 江苏师范大学哲学社会科学文库
单 册:
中图分类: F279.246 , F832.51
科图分类:
主题词: 上市公司--机构投资者--参与管理--研究--中国 , 上市公司--会计信息--研究--中国 , 上市公司 , 机构投资者 , 参与管理 , 会计信息
电子资源:
ISBN: 978-7-5161-3715-4
000 01420nam0 2200337 450
001 523
005 20140909093143.01
010    @a978-7-5161-3715-4@dCNY39.00
100    @a20140228d2013 em y0chiy50 ea
101 0  @achi@deng
102    @aCN@b110000
105    @ay z 000yy
106    @ar
200 1  @a中国上市公司机构投资者治理及会计反应研究@AZhong Guo Shang Shi Gong Si Ji Gou Tou Zi Zhe Zhi Li Ji Hui Ji Fan Ying Yan Jiu@f罗栋梁著@FLuo Dong Liang Zhu
210    @a北京@c中国社会科学出版社@d2013
215    @a189页@d24cm
225 2  @a江苏师范大学哲学社会科学文库
300    @a江苏师范大学哲学社会科学优秀学术著作出版基金资助 江苏省教育厅高校哲学社会科学基金资助项目和江苏省哲学社会科学项目研究成果
330    @a本书以我国机构投资者持股上市公司为对象,分析了机构投资者治理的理论基础、机构投资者治理的动机选择和路径选择、机构投资者治理的制度保障,研究机构投资者治理的行为、机构投资者治理对上市公司业绩的影响以及机构投资者治理后持股上市公司的会计反应,并提出发展机构投资者的建议。
461  0 @12001 @a江苏师范大学哲学社会科学文库
606 0  @a上市公司@x机构投资者@x参与管理@x研究@y中国
606 0  @a上市公司@x会计信息@x研究@y中国
606 0  @a上市公司
606 0  @a机构投资者
606 0  @a参与管理
606 0  @a会计信息
690    @aF279.246@v5
690    @aF832.51@v5
701  0 @a罗栋梁@ALuo Dong Liang@4著
801  0 @aCN@bTANGWEI@c20140603
905    @b0839338-40@dF279.246@e1158@f3
    
    中国上市公司机构投资者治理及会计反应研究/罗栋梁著.-北京:中国社会科学出版社,2013
    189页;24cm.-(江苏师范大学哲学社会科学文库)
    江苏师范大学哲学社会科学优秀学术著作出版基金资助 江苏省教育厅高校哲学社会科学基金资助项目和江苏省哲学社会科学项目研究成果
    
    ISBN 978-7-5161-3715-4:CNY39.00
    本书以我国机构投资者持股上市公司为对象,分析了机构投资者治理的理论基础、机构投资者治理的动机选择和路径选择、机构投资者治理的制度保障,研究机构投资者治理的行为、机构投资者治理对上市公司业绩的影响以及机构投资者治理后持股上市公司的会计反应,并提出发展机构投资者的建议。
●
相关链接 在E读中查询图书 在五车中查询图书 在当当中查询图书 在豆瓣中查询图书


正题名:中国上市公司机构投资者治理及会计反应研究     索取号:F279.246/1158         预约/预借

序号 登录号 条形码 馆藏地/架位号 状态 备注
1 0839338   208393380   第一样本阅览室/ [索取号:F279.246/1158] 在馆    
2 0839339   208393399   第一借阅区/ [索取号:F279.246/1158] 在馆    
3 0839340   208393406   第一借阅区/ [索取号:F279.246/1158] 在馆    
唐山师范学院图书馆 欢迎您!
大连网信软件有限公司© 版权所有